Ofenzívny marketing

Niektoré firmy bez špecializovaných marketingových oddelení robia vynikajúci marketing. Ide o tzv. ofenzívny marketing, ktorý si kladie za cieľ urobiť vo všetkých oddeleniach všetko pre to, aby bol spokojný zákazník aj firma. Charakteristika ofenzívneho marketingu. Ide o marketing, ktorý sa snaží vy...

Ausführliche Beschreibung

Gespeichert in:
Bibliographische Detailangaben
1. Verfasser: Konvit, M.
Format: Buchkapitel
Sprache:Slowakisch
Schlagworte:
Tags: Tag hinzufügen
Keine Tags, Fügen Sie das erste Tag hinzu!

MARC

LEADER 00000naa a2200000 4500
001 r026072
005 20230919070829.8
041 0 |a slo 
044 |a SK 
245 1 0 |a Ofenzívny marketing  |c M. Konvit 
520 |a Niektoré firmy bez špecializovaných marketingových oddelení robia vynikajúci marketing. Ide o tzv. ofenzívny marketing, ktorý si kladie za cieľ urobiť vo všetkých oddeleniach všetko pre to, aby bol spokojný zákazník aj firma. Charakteristika ofenzívneho marketingu. Ide o marketing, ktorý sa snaží vytvoriť ponuku takého súboru produktov, ktorý najlepšie zosúladí možnosti firmy s potrebami zákazníka. Matica orientácie firmy. Pravidlá, ktoré treba dodržiavať pri uskutočňovaní jednotlivých činností. 
610 2 0 |a marketing ofenzívny 
610 2 0 |a stratégia podniková 
610 2 0 |a zákazníci 
610 2 0 |a potreby 
610 2 0 |a produkty 
610 2 0 |a firmy 
610 2 0 |a efektívnosť výroby 
100 1 |a Konvit, M.